Divadlo v dobe (jeho podmienky a možnosti)

Bibliographic Details
Main Author: Lehuta, Emil, 1931-2006 (Author)
Format: Article
Language:Slovak
Subjects:

MARC

LEADER 00000nab a2200000uu 4500
001 vtls011524384
003 SK-MaSNL
005 20260303181524.0
008 230704|1969 xo |||||||||||||||||slo|
015 |a SNBRB 
035 |a (urnnbn)urn:nbn:sk:snk:ar-0028yp 
035 |a (uuid)8f0ec68e-cf77-42f7-a22b-2b08fc480b65 
035 |a urn:nbn:sk:snk-abebxr 
040 |a SNKBUCL  |b slo  |c SNKBUCL  |e AACR2 
041 0 |a slo 
044 |a xo  |c SK 
100 1 |a Lehuta, Emil,  |d 1931-2006  |4 aut  |9 110640 
245 1 0 |a Divadlo v dobe  |b (jeho podmienky a možnosti)  |c Emil Lehuta 
650 0 7 |a divadlo  |2 SNKPH  |9 3335 
655 7 |a kritiky  |2 SNKPH  |9 28608 
773 0 |t Slovenské pohľady  |g Roč. 85, č. 7 (1969), s. 94-103 
850 |a Slovenská národná knižnica 
852 |a Slovenská národná knižnica 
954 |a odborná, vedecká literatúra pôvodná (slovenská)  |2 lita 
958 |a OND 
958 |a EUIPO 
958 |a article21 
999 |c 2112781  |d 2114711